| 000 | 01066cam a22003377a 4500 | ||
|---|---|---|---|
| 003 | CHAP | ||
| 005 | 20220329135234.0 | ||
| 008 | 971013s1963 r 00010 d | ||
| 010 | _a33113 | ||
| 011 | _a34085 | ||
| 035 | _a38201 | ||
| 040 | _cCHAP | ||
| 082 |
_a330.947 _bN68 |
||
| 100 | 0 | 0 |
_aNovoe, Alec. _982058 |
| 245 | 1 | 2 | _aA economía soviética |
| 260 |
_aRío de Janeiro : _bZahar, _c1963 |
||
| 300 | _a389 p. | ||
| 490 | 0 | _aBiblioteca de Ciencias Sociales | |
| 590 |
_aBATCH-UPD _b10 _c20130110 _lUCH01 _h0208 |
||
| 590 |
_aBATCH-UPD _b10 _c20130110 _lUCH01 _h2205 |
||
| 590 |
_aBATCH-UPD _b10 _c20130409 _lUCH01 _h2222 |
||
| 590 |
_aBATCH-UPD _b10 _c20130410 _lUCH01 _h1510 |
||
| 590 |
_aBATCH-UPD _b10 _c20130914 _lUCH01 _h1842 |
||
| 590 |
_aCONVERSION _b10 _c20130109 _lUCH01 _h1319 |
||
| 650 | 1 | 4 |
_aU.R.S.S. _xCondiciones económicas. _9115764 |
| 650 | 1 | 4 |
_aU.R.S.S. _xPolítica económica. _9115774 |
| 830 | 0 |
_aBiblioteca de Ciencias Sociales _912278 |
|
| 901 | _aBK | ||
| 942 | _cLIBRO | ||
| 949 |
_a330.947 N68 _bBC _cLIBRO _d33724000319273 _eLIBRO _i38201 _si |
||
| 999 |
_c33113 _d33113 |
||